000 00688nam a2200217Ii 4500
003 JO-AjNU
008 230606s9999||||xx |||||||||||||| ||und||
017 _a32537
040 _aJO-AjNU
_beng
_erda
_cJO-AjNU
041 _aeng
050 1 4 _aP306.J34 1991
100 3 _aJalabneh, Mustafa,
_eauthor
_92714
245 0 2 _aA Study in the Issues Of Military Translation = دراسة في مسائل الترجمة العسكرية
250 _a1 ed
264 3 1 _aعمان: دار الخواجا، 1991
300 _a125p
336 _atext
_btxt
_2rdacontent
337 _aunmediated
_bn
_2rdamedia
338 _avolume
_bnc
_2rdacarrier
650 4 _a Training and interpreting 
_92715
999 _aE1421
_c1421
_d1421